000 00264nam a22000977a 4500
999 _c10408
_d10408
008 180216b ||||| |||| 00| 0 eng d
020 _a9788182963788
100 _aPandey,V.K.etal.
_92304
245 _aUnderstanding Information Technology-VI
260 _aNew Delhi
_bAPC